[Event "Medellin Easter op 11th"]
[Site "Medellin"]
[Date "2023.04.07"]
[Round "4"]
[White "Alzate Velez, Valentin"]
[Black "Hoyos Cartagena, Jose Alfredo"]
[Result "1-0"]
[WhiteElo "1456"]
[BlackElo "1183"]
[PlyCount "71"]
[EventDate "2023.04.05"]
[EventType "swiss"]
[EventRounds "7"]
[EventCountry "COL"]
[SourceTitle "CBM 213 Extra"]
[Source "ChessBase"]
[SourceDate "2023.05.31"]
[SourceVersion "1"]
[SourceVersionDate "2023.05.31"]
[SourceQuality "1"]

1. d4 Nf6 2. c4 g6 3. Nc3 Bg7 4. e4 d6 5. f4 Nbd7 6. Nf3 0-0 7. Bd3 Re8 8. e5 dxe5 9. fxe5 Ng4 10. h3 Nh6 11. 0-0 e6 12. Qe1 Rf8 13. Bg5 Qe8 14. Qh4 Nf5 15. Bxf5 exf5 16. Nd5 f6 17. exf6 Nxf6 18. Nxf6+ Bxf6 19. Bxf6 Qe3+ 20. Kh1 Qe6 21. Ng5 Qd7 22. Be5 Qe7 23. Rfe1 h5 24. Qf4 c6 25. Bd6 Qd8 26. Bxf8 Qxf8 27. Ne6 Bxe6 28. Rxe6 Qf7 29. Rae1 Kf8 30. Qh6+ Qg7 31. Rf6+ Kg8 32. Rxg6 Qxg6 33. Qxg6+ Kf8 34. Qf6+ Kg8 35. Re7 Rf8 36. Qg7# 1-0

[Event "Medellin Easter op 11th"]
[Site "Medellin"]
[Date "2023.04.05"]
[Round "1"]
[White "Prasca Sosa, Rafael Felipe"]
[Black "Alzate Velez, Valentin"]
[Result "1-0"]
[WhiteElo "2314"]
[BlackElo "1456"]
[PlyCount "77"]
[EventDate "2023.04.05"]
[EventType "swiss"]
[EventRounds "7"]
[EventCountry "COL"]
[SourceTitle "CBM 213 Extra"]
[Source "ChessBase"]
[SourceDate "2023.05.31"]
[SourceVersion "1"]
[SourceVersionDate "2023.05.31"]
[SourceQuality "1"]

1. e4 c5 2. Nf3 Nc6 3. Nc3 g6 4. d4 cxd4 5. Nxd4 Bg7 6. Be3 Nf6 7. Bc4 d6 8. h3 Bd7 9. 0-0 Rc8 10. Bb3 a6 11. Re1 b5 12. Nxc6 Bxc6 13. Nd5 0-0 14. Bb6 Qd7 15. Bd4 Bxd5 16. exd5 a5 17. a4 b4 18. Qd3 Nh5 19. Bxg7 Nxg7 20. Re2 Rc5 21. Rae1 Re8 22. Qd4 h5 23. Qh4 Nf5 24. Qf4 Rc7 25. g4 hxg4 26. hxg4 Nh4 27. Re4 f6 28. Re6 g5 29. Qe4 Kg7 30. Re3 Ng6 31. Bc4 Qxa4 32. Bd3 Nf4 33. Qh7+ Kf8 34. Bg6 Nxg6 35. Qxg6 b3 36. c4 Rxc4 37. Rxf6+ exf6 38. Qxf6+ Kg8 39. Qxg5+ 1-0

[Event "Sabaneta op-B 1st"]
[Site "Sabaneta"]
[Date "2022.11.28"]
[Round "5"]
[White "Mesa, Francisco Alonso Jr"]
[Black "Alzate Velez, Valentin"]
[Result "0-1"]
[WhiteElo "1765"]
[BlackElo "1357"]
[PlyCount "74"]
[EventDate "2022.11.25"]
[EventType "swiss"]
[EventRounds "8"]
[EventCountry "COL"]
[SourceTitle "CBM 211 Extra"]
[Source "ChessBase"]
[SourceDate "2023.01.31"]
[SourceVersion "1"]
[SourceVersionDate "2023.01.31"]
[SourceQuality "1"]

1. Nf3 d5 2. b3 c5 3. Bb2 Nc6 4. e3 Bg4 5. Be2 e6 6. h3 Bh5 7. 0-0 Nf6 8. d3 Bd6 9. Nbd2 0-0 10. c4 Rc8 11. Nh2 Bg6 12. f4 Nb4 13. Ndf3 dxc4 14. bxc4 Qe7 15. Ne5 Bxe5 16. fxe5 Nd7 17. Nf3 Rfd8 18. Qb3 Nb6 19. Rad1 Rd7 20. a3 Nc6 21. d4 cxd4 22. Bxd4 Na5 23. Qb5 Naxc4 24. Bxc4 Nxc4 25. Bxa7 Bd3 26. Rf2 Rd5 27. Rxd3 Rxd3 28. Rc2 Rxa3 29. Bd4 Nb6 30. Rb2 Nd5 31. Nd2 h6 32. Nc4 Ra1+ 33. Kh2 Re1 34. Nd6 Rcc1 35. Qe8+ Qxe8 36. Nxe8 Nxe3 37. Rxb7 Nf5 0-1

[Event "Sabaneta op-B 1st"]
[Site "Sabaneta"]
[Date "2022.11.25"]
[Round "1"]
[White "Alzate Velez, Valentin"]
[Black "Cardozo, Stid Jafhar"]
[Result "0-1"]
[WhiteElo "1357"]
[BlackElo "1942"]
[PlyCount "48"]
[EventDate "2022.11.25"]
[EventType "swiss"]
[EventRounds "8"]
[EventCountry "COL"]
[SourceTitle "CBM 211 Extra"]
[Source "ChessBase"]
[SourceDate "2023.01.31"]
[SourceVersion "1"]
[SourceVersionDate "2023.01.31"]
[SourceQuality "1"]

1. d4 Nf6 2. c4 e6 3. Nc3 Bb4 4. Qc2 b6 5. Nf3 Bb7 6. Bg5 h6 7. Bh4 g5 8. Bg3 Ne4 9. e3 Bxc3+ 10. bxc3 d6 11. Bd3 f5 12. Qb3 Nd7 13. c5 Bd5 14. c4 Nxg3 15. cxd5 Nxh1 16. dxe6 Nf6 17. Bxf5 bxc5 18. Qb5+ Ke7 19. dxc5 Qb8 20. Qa4 Qb2 21. Rb1 Qxf2+ 22. Kd1 Qf1+ 23. Kd2 Qxg2+ 24. Kc3 Qxf3 0-1

[Event "COL-ch U18"]
[Site "Medellin"]
[Date "2022.06.04"]
[Round "6"]
[White "Martinez Baquero, Gabriel Santiago"]
[Black "Alzate Velez, Valentin"]
[Result "1/2-1/2"]
[WhiteElo "1699"]
[BlackElo "1383"]
[PlyCount "44"]
[EventDate "2022.06.01"]
[EventType "swiss"]
[EventRounds "9"]
[EventCountry "COL"]
[SourceTitle "CBM 208 Extra"]
[Source "ChessBase"]
[SourceDate "2022.07.31"]
[SourceVersion "1"]
[SourceVersionDate "2022.07.31"]
[SourceQuality "1"]

1. e4 c5 2. Nf3 Nc6 3. Bc4 e6 4. Nc3 Nge7 5. d4 cxd4 6. Nxd4 g6 7. Be3 Bg7 8. Qd2 0-0 9. f4 Qc7 10. Nf3 Na5 11. Bd3 Nc4 12. Bxc4 Qxc4 13. Bd4 Nc6 14. Bxg7 Kxg7 15. Qd3 Qb4 16. 0-0 a6 17. a4 d5 18. exd5 exd5 19. Nxd5 Qc5+ 20. Kh1 Bf5 21. Qc3+ Qxc3 22. Nxc3 Bxc2 1/2-1/2

[Event "COL-ch U18"]
[Site "Medellin"]
[Date "2022.06.03"]
[Round "5"]
[White "Cordoba Roa, Angel Gabriel"]
[Black "Alzate Velez, Valentin"]
[Result "1-0"]
[WhiteElo "2214"]
[BlackElo "1383"]
[PlyCount "55"]
[EventDate "2022.06.01"]
[EventType "swiss"]
[EventRounds "9"]
[EventCountry "COL"]
[SourceTitle "CBM 208 Extra"]
[Source "ChessBase"]
[SourceDate "2022.07.31"]
[SourceVersion "1"]
[SourceVersionDate "2022.07.31"]
[SourceQuality "1"]

1. e4 c5 2. Nf3 Nc6 3. Bb5 g6 4. Bxc6 dxc6 5. d3 Bg7 6. h3 e5 7. Be3 b6 8. Qd2 h6 9. Qc3 Qd6 10. a3 Ne7 11. b4 cxb4 12. axb4 Be6 13. Bxb6 0-0 14. Rxa7 Rxa7 15. Bxa7 f5 16. Bc5 Qc7 17. Nbd2 Re8 18. 0-0 Kh7 19. Ra1 Nc8 20. d4 exd4 21. Bxd4 Bxd4 22. Qxd4 Rd8 23. Qf6 Qd7 24. Ra3 fxe4 25. Nxe4 Qc7 26. Ne5 Bf5 27. Rd3 Re8 28. Rd7+ 1-0

[Event "Medellin U2000 op"]
[Site "Medellin"]
[Date "2022.05.20"]
[Round "3"]
[White "Alzate Velez, Valentin"]
[Black "Betancur, Fredy"]
[Result "0-1"]
[WhiteElo "1383"]
[BlackElo "1937"]
[PlyCount "96"]
[EventDate "2022.05.18"]
[EventType "swiss"]
[EventRounds "7"]
[EventCountry "COL"]
[SourceTitle "CBM 208 Extra"]
[Source "ChessBase"]
[SourceDate "2022.07.31"]
[SourceVersion "1"]
[SourceVersionDate "2022.07.31"]
[SourceQuality "1"]

1. d4 e6 2. c4 b6 3. Nc3 Bb4 4. Nf3 Bb7 5. Bf4 Nf6 6. e3 Ne4 7. Rc1 0-0 8. Bd3 f5 9. 0-0 Bxc3 10. bxc3 d6 11. Qb3 c5 12. d5 e5 13. Bxe4 exf4 14. Bd3 fxe3 15. fxe3 Nd7 16. e4 f4 17. Rce1 Qf6 18. Re2 Ne5 19. Nxe5 Qxe5 20. Ref2 Rf7 21. Qc2 Raf8 22. Be2 Bc8 23. Bf3 Bd7 24. Qd3 Kh8 25. Ra1 g5 26. a4 Rg7 27. Raf1 Rgf7 28. h3 Rg7 29. Ra1 g4 30. hxg4 Bxg4 31. Bxg4 Rxg4 32. a5 Rg3 33. Qxg3 fxg3 34. Rxf8+ Kg7 35. Rf3 h5 36. axb6 axb6 37. Ra7+ Kg6 38. Rb7 Qxe4 39. Rxg3+ Kh6 40. Rxb6 Qe1+ 41. Kh2 Qe5 42. Kh3 Qf5+ 43. Kh2 Qe5 44. Kh3 h4 45. Rf3 Qe1 46. Rxd6+ Kg5 47. Kh2 Qe5+ 48. Kg1 Qxd6 0-1

[Event "Medellin Easter op 10th"]
[Site "Medellin"]
[Date "2022.04.17"]
[Round "8"]
[White "Valencia Quinchia, Isabella"]
[Black "Alzate Velez, Valentin"]
[Result "1-0"]
[WhiteElo "1453"]
[BlackElo "1277"]
[PlyCount "47"]
[EventDate "2022.04.13"]
[EventType "swiss"]
[EventRounds "8"]
[EventCountry "COL"]
[SourceTitle "CBM 207 Extra"]
[Source "ChessBase"]
[SourceDate "2022.05.31"]
[SourceVersion "1"]
[SourceVersionDate "2022.05.31"]
[SourceQuality "1"]

1. e4 c5 2. Nf3 Nc6 3. d4 cxd4 4. Nxd4 g6 5. c4 Bg7 6. Be3 Nf6 7. Nc3 Ng4 8. Qxg4 Nxd4 9. Qd1 Ne6 10. Be2 0-0 11. 0-0 b6 12. Rc1 Bb7 13. Qd2 d6 14. Nd5 Rc8 15. Bg4 Ba6 16. b3 f5 17. Bh3 Nc5 18. exf5 gxf5 19. f3 e6 20. Bg5 Qd7 21. Ne7+ Kh8 22. Nxc8 Bxc8 23. Rcd1 Qf7 24. Qxd6 1-0

[Event "Medellin Luces op"]
[Site "Medellin"]
[Date "2021.12.20"]
[Round "7"]
[White "Manrique Bermudez, Josue"]
[Black "Alzate Velez, Valentin"]
[Result "1-0"]
[WhiteElo "1352"]
[BlackElo "1226"]
[PlyCount "45"]
[EventDate "2021.12.17"]
[EventType "swiss"]
[EventRounds "7"]
[EventCountry "COL"]
[SourceTitle "CBM 206 Extra"]
[Source "ChessBase"]
[SourceDate "2022.03.31"]
[SourceVersion "1"]
[SourceVersionDate "2022.03.31"]
[SourceQuality "1"]

1. d4 Nf6 2. c4 e6 3. Nc3 Bb4 4. Qc2 b6 5. a3 Bxc3+ 6. Qxc3 Bb7 7. Nf3 d6 8. Bf4 Nbd7 9. e3 0-0 10. Bd3 Rc8 11. h3 d5 12. c5 Ne4 13. Bxe4 dxe4 14. c6 Bxc6 15. Qxc6 exf3 16. Qxf3 c5 17. Bd6 Re8 18. dxc5 Nxc5 19. Rd1 Qg5 20. 0-0 h6 21. Bxc5 Qxc5 22. Rd7 Rc7 23. Qxf7+ 1-0

[Event "COL Subzt 2.3.4"]
[Site "Risarald"]
[Date "2021.11.26"]
[Round "6"]
[White "Soto Ramirez, Andres Camilo"]
[Black "Alzate Velez, Valentin"]
[Result "1/2-1/2"]
[WhiteElo "1435"]
[BlackElo "1226"]
[PlyCount "126"]
[EventDate "2021.11.23"]
[EventType "swiss"]
[EventRounds "9"]
[EventCountry "COL"]
[SourceTitle "CBM 205 Extra"]
[Source "ChessBase"]
[SourceDate "2022.01.31"]
[SourceVersion "1"]
[SourceVersionDate "2022.01.31"]
[SourceQuality "1"]

1. e4 c5 2. Nf3 Nc6 3. c4 g6 4. d4 cxd4 5. Nxd4 Bg7 6. Be3 Nf6 7. Nc3 Ng4 8. Nxc6 Nxe3 9. Nxd8 Nxd1 10. Rxd1 Bxc3+ 11. bxc3 Kxd8 12. g3 Kc7 13. Bg2 d6 14. f4 Be6 15. Rd4 Rac8 16. Ke2 Kb8 17. Kd3 Rc5 18. Rb1 b6 19. Rb5 Rhc8 20. Rb4 Ra5 21. a4 Rac5 22. Bf3 Bh3 23. g4 Bf1+ 24. Be2 Bxe2+ 25. Kxe2 Kb7 26. Kd3 a6 27. e5 dxe5 28. Rd7+ R8c7 29. Rxc7+ Kxc7 30. f5 f6 31. fxg6 hxg6 32. h4 Kc6 33. Rb2 e4+ 34. Ke3 Rxc4 35. h5 gxh5 36. gxh5 Rxc3+ 37. Kxe4 Rh3 38. Rc2+ Kd7 39. Rd2+ Ke6 40. Rb2 Rh4+ 41. Kf3 Rxa4 42. Rxb6+ Kf7 43. h6 Kg6 44. Re6 Kxh6 45. Rxe7 Kg6 46. Re6 a5 47. Ra6 Kf5 48. Kg3 Ra1 49. Kf3 a4 50. Ra5+ Kg6 51. Ke2 a3 52. Kf2 a2 53. Kg2 f5 54. Ra6+ Kg5 55. Ra4 f4 56. Ra5+ Kg4 57. Ra4 Kf5 58. Ra3 Ke4 59. Ra4+ Ke3 60. Kh2 f3 61. Ra8 Kf2 62. Ra3 Re1 63. Rxa2+ Re2 1/2-1/2

[Event "COL Subzt 2.3.4"]
[Site "Risarald"]
[Date "2021.11.24"]
[Round "3"]
[White "Alzate Velez, Valentin"]
[Black "Jimenez Mendez, William"]
[Result "0-1"]
[WhiteElo "1226"]
[BlackElo "1548"]
[PlyCount "62"]
[EventDate "2021.11.23"]
[EventType "swiss"]
[EventRounds "9"]
[EventCountry "COL"]
[SourceTitle "CBM 205 Extra"]
[Source "ChessBase"]
[SourceDate "2022.01.31"]
[SourceVersion "1"]
[SourceVersionDate "2022.01.31"]
[SourceQuality "1"]

1. d4 Nf6 2. c4 c5 3. d5 b5 4. cxb5 a6 5. b6 d6 6. e4 Nbd7 7. Nc3 g6 8. Bd3 Bg7 9. Nge2 0-0 10. 0-0 Nxb6 11. f4 Bd7 12. Qe1 c4 13. Bc2 Qc7 14. Qh4 Rfb8 15. f5 Nc8 16. g4 a5 17. Bh6 Rxb2 18. Bxg7 Kxg7 19. Rac1 Qc5+ 20. Kh1 Qe3 21. g5 Nh5 22. Ng3 Nb6 23. Nxh5+ gxh5 24. Qxh5 Rxc2 25. Qh6+ Kg8 26. Rxc2 Na4 27. f6 exf6 28. gxf6 Qxh6 29. Rg1+ Kh8 30. Nxa4 Bxa4 31. Rxc4 Bb5 0-1

[Event "Medellin Aristizabal Cup"]
[Site "Medellin"]
[Date "2020.11.22"]
[Round "6"]
[White "Molina Ballesteros, Juan Sebastian"]
[Black "Alzate Velez, Valentin"]
[Result "1-0"]
[WhiteElo "1474"]
[BlackElo "1235"]
[PlyCount "53"]
[EventDate "2020.11.18"]
[EventType "swiss"]
[EventRounds "7"]
[EventCountry "COL"]
[SourceTitle "CBM 199 Extra"]
[Source "ChessBase"]
[SourceDate "2021.01.31"]
[SourceVersion "1"]
[SourceVersionDate "2021.01.31"]
[SourceQuality "1"]

1. e4 c5 2. Nf3 Nc6 3. d4 cxd4 4. Nxd4 g6 5. Nc3 Bg7 6. Be3 d6 7. Qd2 Nf6 8. f3 Bd7 9. Bc4 0-0 10. 0-0-0 Rc8 11. Bb3 Ne5 12. g4 Nc4 13. Bxc4 Rxc4 14. h4 h5 15. gxh5 Nxh5 16. f4 Qc7 17. Nd5 Qd8 18. f5 e6 19. fxe6 Bxe6 20. Bg5 f6 21. Nxe6 Qe8 22. Nxg7 Kxg7 23. Bh6+ Kg8 24. Bxf8 Kxf8 25. Qh6+ Kf7 26. Qh7+ Ke6 27. Nc7+ 1-0

[Event "Medellin Aristizabal Cup"]
[Site "Medellin"]
[Date "2020.11.20"]
[Round "3"]
[White "Lucio Pinzon, Santiago"]
[Black "Alzate Velez, Valentin"]
[Result "1-0"]
[WhiteElo "1263"]
[BlackElo "1235"]
[PlyCount "43"]
[EventDate "2020.11.18"]
[EventType "swiss"]
[EventRounds "7"]
[EventCountry "COL"]
[SourceTitle "CBM 199 Extra"]
[Source "ChessBase"]
[SourceDate "2021.01.31"]
[SourceVersion "1"]
[SourceVersionDate "2021.01.31"]
[SourceQuality "1"]

1. e4 c5 2. Nc3 Nc6 3. Nf3 g6 4. Bc4 Bg7 5. d3 e6 6. 0-0 a6 7. Be3 b6 8. Qd2 Nge7 9. Rfe1 d5 10. exd5 exd5 11. Nxd5 Nxd5 12. Bh6+ Nde7 13. Bxg7 Rg8 14. Bf6 Kf8 15. Qh6+ Ke8 16. Qxh7 Kd7 17. Qxf7 Rf8 18. Qe6+ Ke8 19. Qxc6+ Qd7 20. Rxe7+ Kd8 21. Rxd7+ Ke8 22. Qe6# 1-0